Kadra reprezentacji Włoch na Euro 2024 - Statystyki

Ogólne statystyki
  • Ten quiz został rozwiązany 405 razy
  • Średni wynik to 12 z 26
Statystyki odpowiedzi
Zawodnik Pozycja Klub % Poprawnych
Gianluigi Donnarumma Bramkarz Paris Saint-Germain
98%
Guglielmo Vicario Bramkarz Tottenham
77%
Alex Meret Bramkarz Napoli
76%
Alessandro Bastoni Obrońca Inter
75%
Nicolò Barella Pomocnik Inter
74%
Federico Dimarco Obrońca Inter
64%
Jorginho Pomocnik Arsenal
58%
Federico Chiesa Napastnik Juventus
54%
Giovanni Di Lorenzo Obrońca Napoli
54%
Riccardo Calafiori Obrońca Bologna
53%
Federico Gatti Obrońca Juventus
51%
Gianluca Scamacca Napastnik Atalanta
47%
Mateo Retegui Napastnik Genoa
45%
Lorenzo Pellegrini Pomocnik Roma
43%
Gianluca Mancini Obrońca Roma
38%
Giacomo Raspadori Napastnik Napoli
36%
Matteo Darmian Obrońca Inter
35%
Alessandro Buongiorno Obrońca Torino
32%
Davide Frattesi Pomocnik Inter
31%
Andrea Cambiaso Obrońca Juventus
30%
Mattia Zaccagni Napastnik Lazio
28%
Bryan Cristante Pomocnik Roma
23%
Nicolò Fagioli Pomocnik Juventus
23%
Stephan El Shaarawy Napastnik Roma
18%
Raoul Bellanova Obrońca Torino
14%
Michael Folorunsho Pomocnik Hellas Verona
10%
Nie znaleziono quizów pasujących do podanych kryteriów
Rozkład punktacji
Procent ludzi z każdym wynikiem
Percentyl według liczby udzielonych odpowiedzi
Twoja historia wyników
Nie rozwiązałeś tego quizu